Ekoinvent, spol. s r.o. Moldava nad Bodvou

Bibliographic Details
Format: Article
Language:Slovak
PhysicalDescription:Sch.
ISSN:1335-7808
Subjects:

MARC

LEADER 00000nab a2200000 a 4500
001 vtls008158078
003 SK-MaSNL
005 20260304140741.0
008 250505c2005 xo mr|p|||||||000 b|slo
015 |a SNBRB2005/06  |2 snkbucl 
035 |a (uuid)71963d90-4999-4adf-8042-944971b86328 
035 |a urn:nbn:sk:snk-abv5w 
035 |a (urnnbn)urn:nbn:sk:snk:ar-a03r8r 
038 |a SNKBUCL 
040 |a SNKBUCL  |b slo  |c SNKBUCL  |e AACR2 
041 0 |a slo 
044 |a xo  |c SK 
080 |a 628.463.043:061.5  |2 1997 
080 |a 621.798.147-036.5  |2 1997 
245 0 0 |a Ekoinvent, spol. s r.o. Moldava nad Bodvou 
300 |b Sch. 
610 2 7 |a Ekoinvent (Moldava nad Bodvou, Slovensko)  |2 snkbucl  |9 1457576 
650 0 7 |a zmršťovanie PET fliaš  |2 snkbucl  |9 1457577 
650 0 7 |a PET fľaše  |2 snkbucl  |9 29493 
651 7 |a Moldava nad Bodvou (Slovensko)  |2 snkbucl  |9 20255 
651 7 |a Košice-okolie (Slovensko : okres)  |2 snkbucl  |9 146743 
773 0 |t Odpady  |g Roč. 5, č. 2 (2005), s. 7-8  |x 1335-7808 
850 |a Slovenská národná knižnica 
852 |a Slovenská národná knižnica 
954 |a odborná, vedecká literatúra pôvodná (slovenská)  |2 lita 
958 |a article2022 
958 |a OND 
958 |a EUIPO 
999 |c 2916382  |d 2918312